| 000 | 03533cam a2200685 i 4500 | ||
|---|---|---|---|
| 001 | xx004653137 | ||
| 003 | NUKAT | ||
| 005 | 20260408144835.0 | ||
| 008 | 190701s2019 pl a |000 0bpol c | ||
| 020 |
_a9788380983823 _q(oprawa twarda ; _qInstytut Pamięci Narodowej) : _czł 59,00 |
||
| 020 |
_a9788388202643 _q(oprawa twarda ; _qInstytut Prymasowski Stefana Kardynała Wyszyńskiego) : _czł 59,00 |
||
| 035 | _a(OCoLC)1111760974 | ||
| 035 | _a(NUKAT)xx004653137 | ||
| 040 |
_aWR U/bk _bpol _erda _cWR U/bks _dWR U/hp _dWA U/WI _dOLSZT 008/bak |
||
| 045 | 2 |
_bd1901 _bd1981 |
|
| 046 | _k2019 | ||
| 100 | 1 |
_aŁatka, Rafał _d(1985- ). _eAutor _915865 |
|
| 245 | 1 | 0 |
_aKardynał Stefan Wyszyński 1901-1981 / _cRafał Łatka, Beata Mackiewicz, Dominik Zamiatała ; Instytut Pamięci Narodowej - Komisja Ścigania Zbrodni przeciwko Narodowi Polskiemu, Wydawnictwo im. Stefana Kardynała Wyszyńskiego "Soli Deo". |
| 246 | 1 | 8 | _aKardynał Stefan Wyszyński |
| 260 |
_aWarszawa : _bInstytut Pamięci Narodowej - Komisja Ścigania Zbrodni przeciwko Narodowi Polskiemu : _bWydawnictwo im. Stefana Kardynała Wyszyńskiego "Soli Deo" : _bInstytut Prymasowski Stefana Kardynała Wyszyńskiego, _c© copyright 2019. |
||
| 300 |
_a558 stron : _bilustracje (w tym kolorowe) ; _c30 cm. |
||
| 336 |
_aTekst _btxt _2rdacontent |
||
| 336 |
_aObraz _bsti _2rdacontent |
||
| 337 |
_aBez urządzenia pośredniczącego _bn _2rdamedia |
||
| 338 |
_aWolumin _bnc _2rdacarrier |
||
| 380 | _aAlbumy i książki artystyczne | ||
| 380 | _aKsiążki | ||
| 380 | _aPublikacje naukowe | ||
| 388 | 1 | _a2001- | |
| 490 | 1 | _aBiskupi w Realich Komunistycznego Państwa | |
| 490 | 1 | _aCentralny Projekt Badawczy IPN - Władze Komunistyczne wobec Kościołów i Związków Wyznaniowych w Polsce 1944-1989 | |
| 500 | _aAlbum fotograficzny. | ||
| 500 | _aNazwa drugiego wydawcy w formule copyrightu. | ||
| 504 | _aBibliografia na stronach 547-558. | ||
| 600 | 0 | 7 |
_aStefan Wyszyński _c(błogosławiony ; _d1901-1981) _2DBN _939675 |
| 600 | 0 | 7 |
_aStefan Wyszyński _c(błogosławiony ; _d1901-1981) _vbiografie. _2kaba _939676 |
| 600 | 0 | 7 |
_aStefan Wyszyński _c(błogosławiony ; _d1901-1981) _vfotografie. _2kaba _939677 |
| 610 | 2 | 7 |
_aKościół katolicki _2DBN _937102 |
| 648 | 7 |
_a1901-2000 _2DBN _934996 |
|
| 650 | 7 |
_aBiskupi _2DBN _935374 |
|
| 650 | 7 |
_aDuchowieństwo katolickie _2DBN _935375 |
|
| 650 | 7 |
_aFotografia dokumentalna _2DBN _939457 |
|
| 650 | 7 |
_aFotografia polska _2DBN _935386 |
|
| 650 | 7 |
_aPrymasi _2DBN _935376 |
|
| 651 | 7 |
_aPolska _2DBN _935076 |
|
| 655 | 7 |
_aAlbum _2DBN _935390 |
|
| 655 | 7 |
_aBiografia _2DBN _935059 |
|
| 658 | _aHistoria | ||
| 658 | _aReligia i duchowość | ||
| 700 | 1 |
_aMackiewicz, Beata. _eAutor _939672 |
|
| 700 | 1 |
_aZamiatała, Dominik _d(1967- ). _eAutor _916248 |
|
| 710 | 2 |
_aInstytut Pamięci Narodowej - Komisja Ścigania Zbrodni przeciwko Narodowi Polskiemu. _eInstytucja sprawcza _eWydawca _4pbl _911792 |
|
| 710 | 2 |
_aInstytut Prymasowski Stefana Kardynała Wyszyńskiego. _eWydawca _4pbl _939673 |
|
| 710 | 2 |
_aWydawnictwo im. Stefana Kardynała Wyszyńskiego "Soli Deo". _eInstytucja sprawcza _eWydawca _4pbl _939674 |
|
| 830 | 0 |
_aBiskupi w Realiach Komunistycznej Władzy _916421 |
|
| 830 | 0 |
_aWładze Komunistyczne wobec Kościołów i Związków Wyznaniowych w Polsce 1944-1989 _918363 |
|
| 920 | _a978-83-8098-382-3 (oprawa twarda ; Instytut Pamięci Narodowej) : zł 59,00 | ||
| 920 | _a978-83-88202-64-3 (oprawa twarda ; Instytut Prymasowski Stefana Kardynała Wyszyńskiego) : zł 59,00 | ||
| 942 |
_2ddc _cBK_NM |
||
| 999 |
_c27478 _d27478 |
||